Statistics for Great US City Flags - 1

Click here to take the quiz!

General Stats

  • This quiz has been taken 69 times
  • The average score is 10 of 12

Answer Stats

Answer% Correct
Chicago
98%
Salt Lake City
98%
Indianapolis
97%
Baltimore
95%
Des Moines
91%
Jackson
91%
Reno
84%
Colorado Springs
83%
Corpus Christi
76%
Sioux Falls
74%
Durham
62%
St Petersburg
59%

Score Distribution

Percentile by Number Answered

Percent of People with Each Score

Your Score History

You have not taken this quiz